Zeamsone dla Actavisa - Statystyki

Ogólne statystyki
  • Ten quiz został rozwiązany 4 razy
  • Średni wynik to 16 z 20
Statystyki odpowiedzi
Wersy Piosenka % Poprawnych
Chce być duży jak bodyguard Wszyscy lubią coś co klepie jak na weekendzie 3M0CJ3
100%
Zjaram uncję i się znów naszamię ciastek No bo nikt mnie nie widzi, tak jak zawsze Chciałem to na Intro
100%
Cookin-up, cookin-up, cookin' the sauce, gotuje sos i wylewam na blok Rolluje joint, no bo goni nas czas Ganz
100%
Ja sam sobie jestem łupem i nie otworzysz mnie tym kluczem Co wchodzi Ci w dupę i z tym nie dyskutuj High life 3
100%
Maybelline, ona by chciała Chanel, Céline Się już napiła i nie chce pić Impreza Dekady
100%
A tak poza tym, to w sumie nice, przypomniałem sobie trackiPytasz, czy wyślę Ci numer? Ah, nie wysyłam nawet do samego siebie Leakosong
100%
Słyszałeś to milion razy, a dzisiaj milion pierwszy Da się zrobić hajs, i przede wszystkim nie dać się spieniężyć Moje serce jest na bloku
100%
Molly, molly, molly, miałem pierdolony pomysł Jak to zrobić. ona chciała tylko dzwonić i dzwonić Nie Interesuje
100%
Ona nie chce byś był onanistąOna nie chce byś uganiał się za inną nie jestem romantyczny
100%
Twoi ludzie mają wpierdol w metro I nie wiedzą, co to Hemp Gru PHANTOM
100%
Ubzdurałeś sobie dawno, że osiedle to Twój rejon Teraz bronisz go, rycerzu, jakbym chciał je, kurwa, przejąć Samotność
100%
Jestem pierdolonym głosem, pięć wiosen aż do dekady Jestem tym zielonym grogiem który bombi twoje ściany ten trueschoolowy
100%
Ile razy mówi, że już nie palisz, a palisz, oddychamy spalinami Wpierdalamy kilogramy, nazywamy to jak chcemy - super stany i konsumpcja Trudny
100%
Pyta, kiedy gram sobie w bletkę Pyta, kiedy gram nowy sextape, yee Apartament
67%
Dzisiaj znowu jest chujowa pogoda, będziesz płakała A ja się tym inspiruję, bo szukam zalet w wadach Mroczna Komnata
67%
Jestem raperem skurwysynu blau Muszę jarać skuny wiele ginów chlać Serce
67%
Mamy laidback, tak jak THC, a nie kręgle Sobie wezmę trochę więcej niż daliście przedtem 420 FREESTYLE
33%
Podzielić nas, tam chciałbyś na sto Pokaż mi miasta, Ty proszę bardzo Kiedy marzną
33%
Niewierze w ludzkość jak Eldo A mój testament zapisany będzie krótko przed śmiercią Notes
33%
Zrobię sobie cash, dla nas sam Pojedziemy gdzieś, cały nasz kraj Ona nie powie
33%
Nie znaleziono quizów pasujących do podanych kryteriów
Rozkład punktacji
Procent ludzi z każdym wynikiem
Percentyl według liczby udzielonych odpowiedzi
Twoja historia wyników
Nie rozwiązałeś tego quizu